000 00699nam a2200217 a 4500
001 000040342
005 20201002034054.0
008 130821s2005 mx 000 0 spa d
020 _a9703223737
040 _aDO-SdBNP
_bspa
_cBNPHU
100 1 _aAzuela, Mariano
_942147
245 1 3 _aEl jurado /
_cViñetas de L. García Robledo.
260 _aMéxico :
_bUniversidad Nacional Autónoma de México,
_c2005.
300 _a31 p. ;
_c22 cm.
490 1 _aLunes
_v11
500 _aIncluye datos biográficos del autor p. 5
533 _aFacsímil:
_bMéxico
_d1945
700 1 _aGarcía Robledo, L.
_966640
710 0 _aUniversidad Nacional Autónoma de México
_942447
830 0 _aLunes
_v11
_966616
999 _c39832
_d39832